Statistiques concernant Classement par IDH

Cliquez ici pour prendre le quiz!

Statistiques générales

  • Ce quiz a été pris 76 fois
  • Le résultat moyen est 67 sur 189

Statistiques - réponses

RangContinentCatégorieEstimationPays% Correct
#1EuropeTrès élevé0.954Norvège
95%
#2EuropeTrès élevé0.946Suisse
89%
#3EuropeTrès élevé0.942Irlande
82%
#6OcéanieTrès élevé0.938Australie
79%
#13Amérique du NordTrès élevé0.922Canada
76%
#14OcéanieTrès élevé0.921Nouvelle-Zélande
76%
#4EuropeTrès élevé0.939Allemagne
74%
#15Amérique du NordTrès élevé0.920Etats-Unis
74%
#6EuropeTrès élevé0.938Islande
74%
#19AsieTrès élevé0.915Japon
74%
#8EuropeTrès élevé0.937Suède
74%
#22AsieTrès élevé0.906Corée du Sud
68%
#11EuropeTrès élevé0.930Danemark
68%
#17EuropeTrès élevé0.919Belgique
66%
#12EuropeTrès élevé0.925Finlande
66%
#10EuropeTrès élevé0.933Pays-Bas
66%
#9AsieTrès élevé0.935Singapour
66%
#15EuropeTrès élevé0.920Royaume-Uni
63%
#48Amérique du SudTrès élevé0.830Argentine
61%
#20EuropeTrès élevé0.914Autriche
61%
#26EuropeTrès élevé0.891France
61%
#4AsieTrès élevé0.939Hong Kong
61%
#22AsieTrès élevé0.906Israël
61%
#42Amérique du SudTrès élevé0.847Chili
58%
#18EuropeTrès élevé0.917Liechtenstein
58%
#21EuropeTrès élevé0.909Luxembourg
58%
#25EuropeTrès élevé0.893Espagne
55%
#29EuropeTrès élevé0.883Italie
55%
#40EuropeTrès élevé0.850Portugal
53%
#41AsieTrès élevé0.848Qatar
53%
#49Europe/AsieTrès élevé0.824Russie
53%
#79Amérique du SudÉlevé0.761Brésil
50%
#46EuropeTrès élevé0.837Croatie
50%
#26EuropeTrès élevé0.891République tchèque
50%
#45AsieTrès élevé0.838Bahreïn
47%
#35AsieTrès élevé0.866Emirats Arabes Unis
47%
#85Amérique du SudÉlevé0.758Equateur
47%
#28EuropeTrès élevé0.885Malte
47%
#82Amérique du SudÉlevé0.759Pérou
47%
#24EuropeTrès élevé0.902Slovénie
47%
#57Amérique du SudTrès élevé0.808Uruguay
47%
#36AsieTrès élevé0.857Arabie saoudite
45%
#50EuropeTrès élevé0.817Biélorussie
45%
#52EuropeTrès élevé0.816Bulgarie
45%
#79Amérique du SudÉlevé0.761Colombie
45%
#30EuropeTrès élevé0.882Estonie
45%
#43EuropeTrès élevé0.845Hongrie
45%
#39EuropeTrès élevé0.854Lettonie
45%
#34EuropeTrès élevé0.869Lituanie
45%
#82EuropeÉlevé0.759Macédoine du Nord
45%
#52EuropeTrès élevé0.816Monténégro
45%
#32EuropeTrès élevé0.872Pologne
45%
#62AfriqueTrès élevé0.801Seychelles
45%
#36EuropeTrès élevé0.857Slovaquie
45%
#170AsieBas0.496Afghanistan
42%
#69EuropeÉlevé0.791Albanie
42%
#75EuropeÉlevé0.769Bosnie-Herzégovine
42%
#43AsieTrès élevé0.845Brunei
42%
#31AsieTrès élevé0.873Chypre
42%
#32EuropeTrès élevé0.872Grèce
42%
#66AfriqueÉlevé0.796Maurice
42%
#47AsieTrès élevé0.834Oman
42%
#55OcéanieTrès élevé0.814Palaos
42%
#98Amérique du SudÉlevé0.724Paraguay
42%
#52EuropeTrès élevé0.816Roumanie
42%
#63EuropeÉlevé0.799Serbie
42%
#98Amérique du SudÉlevé0.724Suriname
42%
#88EuropeÉlevé0.750Ukraine
42%
#36EuropeTrès élevé0.857Andorre
39%
#56Amérique du NordTrès élevé0.813Barbade
39%
#114Amérique du SudÉlevé0.703Bolivie
39%
#123Amérique du SudMoyen0.670Guyana
39%
#50AsieTrès élevé0.817Kazakhstan
39%
#57AsieTrès élevé0.808Koweït
39%
#177AsieBas0.463Yémen
39%
#82AfriqueÉlevé0.759Algérie
37%
#98OcéanieÉlevé0.724Fidji
37%
#169Amérique du NordBas0.503Haïti
37%
#65AsieÉlevé0.797Iran
37%
#107EuropeÉlevé0.711Moldavie
37%
#91AfriqueÉlevé0.739Tunisie
37%
#59AsieTrès élevé0.806Turquie
37%
#87AsieÉlevé0.754Azerbaïdjan
34%
#85AsieÉlevé0.758Chine
34%
#61AsieTrès élevé0.804Malaisie
34%
#76Amérique du NordÉlevé0.767Mexique
34%
#189AfriqueBas0.377Niger
34%
#67Amérique du NordÉlevé0.795Panama
34%
#111OcéanieÉlevé0.707Samoa
34%
#96Amérique du SudÉlevé0.726Venezuela
34%
#74Amérique du NordÉlevé0.776Antigua-et-Barbuda
32%
#81AsieÉlevé0.760Arménie
32%
#68Amérique du NordÉlevé0.794Costa Rica
32%
#72Amérique du NordÉlevé0.778Cuba
32%
#70AsieÉlevé0.786Géorgie
32%
#78Amérique du NordÉlevé0.763Grenade
32%
#120AsieMoyen0.689Irak
32%
#155OcéanieBas0.543Papouasie-Nouvelle-Guinée
32%
#153OcéanieMoyen0.557Salomon
32%
#124Amérique du NordMoyen0.667Salvador
32%
#105OcéanieÉlevé0.717Tonga
32%
#63Amérique du NordÉlevé0.799Trinité-et-Tobago
32%
#60Amérique du NordTrès élevé0.805Bahamas
29%
#103Amérique du NordÉlevé0.720Belize
29%
#96Amérique du NordÉlevé0.726Jamaïque
29%
#89Amérique du NordÉlevé0.745République dominicaine
29%
#73Amérique du NordÉlevé0.777Saint-Christophe-et-Niévès
29%
#89Amérique du NordÉlevé0.745Sainte-Lucie
29%
#94Amérique du NordÉlevé0.728Saint-Vincent-et-les-Grenadines
29%
#71AsieÉlevé0.780Sri Lanka
29%
#154AsieBas0.549Syrie
29%
#141OcéanieMoyen0.597Vanuatu
29%
#113AfriqueÉlevé0.705Afrique du Sud
26%
#98Amérique du NordÉlevé0.724Dominique
26%
#126Amérique du NordMoyen0.651Guatemala
26%
#132Amérique du NordMoyen0.623Honduras
26%
#117OcéanieMoyen0.698Îles Marshall
26%
#129AsieMoyen0.647Inde
26%
#111AsieÉlevé0.707Indonésie
26%
#132OcéanieMoyen0.623Kiribati
26%
#93AsieÉlevé0.730Liban
26%
#135OcéanieMoyen0.614Micronésie
26%
#92AsieÉlevé0.735Mongolie
26%
#126Amérique du NordMoyen0.651Nicaragua
26%
#106AsieÉlevé0.712Philippines
26%
#188AfriqueBas0.381République centrafricaine
26%
#77AsieÉlevé0.765Thaïlande
26%
#94AfriqueÉlevé0.728Botswana
24%
#102AsieÉlevé0.723Jordanie
24%
#104AsieÉlevé0.719Maldives
24%
#147AsieMoyen0.579Népal
24%
#179AfriqueBas0.459République démocratique du Congo
24%
#118AsieMoyen0.693Viêt Nam
24%
#135AsieMoyen0.614Bangladesh
21%
#185AfriqueBas0.423Burundi
21%
#116AfriqueÉlevé0.700Egypte
21%
#122AsieMoyen0.674Kirghizistan
21%
#184AfriqueBas0.427Mali
21%
#121AfriqueMoyen0.676Maroc
21%
#108AsieÉlevé0.710Ouzbékistan
21%
#157AfriqueBas0.536Rwanda
21%
#125AsieMoyen0.656Tadjikistan
21%
#108AsieÉlevé0.710Turkménistan
21%
#145AsieMoyen0.584Birmanie
18%
#146AsieMoyen0.581Cambodge
18%
#140AsieMoyen0.604Laos
18%
#180AfriqueBas0.446Mozambique
18%
#152AsieMoyen0.560Pakistan
18%
#166AfriqueBas0.514Sénégal
18%
#186AfriqueBas0.413Soudan du Sud
18%
#131AsieMoyen0.626Timor oriental
18%
#149AfriqueMoyen0.574Angola
16%
#163AfriqueBas0.520Bénin
16%
#134AsieMoyen0.617Bhoutan
16%
#182AfriqueBas0.434Burkina Faso
16%
#156AfriqueBas0.538Comores
16%
#138AfriqueMoyen0.608Congo
16%
#171AfriqueBas0.495Djibouti
16%
#182AfriqueBas0.434Erythrée
16%
#173AfriqueBas0.470Ethiopie
16%
#115AfriqueÉlevé0.702Gabon
16%
#142AfriqueMoyen0.596Ghana
16%
#174AfriqueBas0.466Guinée
16%
#178AfriqueBas0.461Guinée-Bissau
16%
#144AfriqueMoyen0.588Guinée équatoriale
16%
#147AfriqueMoyen0.579Kenya
16%
#110AfriqueÉlevé0.708Libye
16%
#172AfriqueBas0.485Malawi
16%
#158AfriqueBas0.534Nigeria
16%
#159AfriqueBas0.528Ouganda
16%
#119AsieMoyen0.690Palestine
16%
#137AfriqueMoyen0.609Sao Tomé-et-Principe
16%
#181AfriqueBas0.438Sierra Leone
16%
#159AfriqueBas0.528Tanzanie
16%
#187AfriqueBas0.401Tchad
16%
#167AfriqueBas0.513Togo
16%
#143AfriqueMoyen0.591Zambie
16%
#150AfriqueMoyen0.563Zimbabwe
16%
#150AfriqueMoyen0.563Cameroun
13%
#126AfriqueMoyen0.651Cap-Vert
13%
#165AfriqueBas0.516Côte d'Ivoire
13%
#138AfriqueMoyen0.608Eswatini
13%
#174AfriqueBas0.466Gambie
13%
#164AfriqueBas0.518Lesotho
13%
#176AfriqueBas0.465Libéria
13%
#161AfriqueBas0.527Mauritanie
13%
#130AfriqueMoyen0.645Namibie
13%
#168AfriqueBas0.507Soudan
13%
#162AfriqueBas0.521Madagascar
11%

Distribution des résultats

Percentile par nombre de réponses

% des personnes avec chaque résultat

Votre développement - résultats

Vous n’avez pas pris ce quiz